| 000 | 00809nam a22002297a 4500 | ||
|---|---|---|---|
| 005 | 20170124105957.0 | ||
| 010 | _aA-607177 | ||
| 020 |
_c00.00 _a8170362407 |
||
| 035 | _aA-607177 | ||
| 037 | _bCen Lib/Ret | ||
| 040 |
_aDPL _bEN |
||
| 082 |
_a370.190954 _bKRI |
||
| 100 |
_aKrishna Kumar _914827 |
||
| 245 |
_aPolitical agenda of education : _cby Krishan Kumar _ba study of colonialist and nationalist ideas / |
||
| 260 |
_aNew Delhi _bSage Publications _c1991 |
||
| 270 |
_bNew Delhi _e110048 _aM-32, graeter kailash-1 |
||
| 300 |
_a210p. _c21cm(Hb) |
||
| 500 | _aIncludes bibliographical references and index | ||
| 650 |
_aNationalism and Education _zIndia _xHistory _914828 |
||
| 650 |
_aEducation _xSocial aspect _zIndia-history _914829 |
||
| 942 |
_2ddc _cEN _h370.190954 _mKRI |
||
| 999 |
_c125578 _d125578 |
||